[Event "YUG Cup"]
[Site "Ulcinj"]
[Date "1998.??.??"]
[Round "4"]
[White "Djukic, Milovan"]
[Black "Licina, Zoran"]
[Result "1/2-1/2"]
[WhiteElo "2220"]
[BlackElo "2245"]
[PlyCount "20"]
[EventDate "1998.??.??"]
[EventType "team"]
[EventRounds "7"]
[EventCountry "YUG"]
[SourceTitle "EXT 1999"]
[Source "ChessBase"]
[SourceDate "1998.11.16"]
[SourceVersion "1"]
[SourceVersionDate "1998.11.16"]
[SourceQuality "1"]

1. Nf3 Nf6 2. g3 g6 3. b4 Bg7 4. Bb2 d6 5. Bg2 0-0 6. 0-0 e5 7. d3 Re8 8. e4 Nbd7 9. Nbd2 a5 10. a3 Nb6 1/2-1/2

[Event "YUG Cup"]
[Site "Ulcinj"]
[Date "1998.??.??"]
[Round "6"]
[White "Gosic, Bogdan"]
[Black "Djukic, Milovan"]
[Result "1-0"]
[WhiteElo "2340"]
[BlackElo "2220"]
[PlyCount "55"]
[EventDate "1998.??.??"]
[EventType "team"]
[EventRounds "7"]
[EventCountry "YUG"]
[SourceTitle "EXT 1999"]
[Source "ChessBase"]
[SourceDate "1998.11.16"]
[SourceVersion "1"]
[SourceVersionDate "1998.11.16"]
[SourceQuality "1"]

1. e4 Nf6 2. e5 Nd5 3. d4 d6 4. Nf3 Bg4 5. c4 Nb6 6. exd6 exd6 7. Be2 Be7 8. 0-0 0-0 9. h3 Bh5 10. Nc3 Re8 11. b3 Bg6 12. Re1 Bf6 13. Be3 Nc6 14. Qd2 d5 15. c5 Nc8 16. Bf4 N8e7 17. Bf1 a6 18. g4 Be4 19. Nxe4 dxe4 20. Rxe4 Nd5 21. Rae1 Rxe4 22. Rxe4 g6 23. Bc4 b5 24. Bxd5 Qxd5 25. Qe3 Qd7 26. Bh6 Nb4 27. Ne5 Qd5 28. Nd3 1-0

[Event "Pula op"]
[Site "Pula"]
[Date "1990.??.??"]
[Round "4"]
[White "Djukic, Milovan"]
[Black "Medic, Miljenko"]
[Result "0-1"]
[WhiteElo "2245"]
[BlackElo "2290"]
[PlyCount "68"]
[EventDate "1990.??.??"]
[EventType "swiss"]
[EventRounds "9"]
[EventCountry "YUG"]
[SourceTitle "EXT 2000"]
[Source "ChessBase"]
[SourceDate "1999.11.16"]
[SourceVersion "1"]
[SourceVersionDate "1999.11.16"]
[SourceQuality "1"]

1. Nf3 Nf6 2. g3 d5 3. Bg2 e6 4. 0-0 Be7 5. d3 0-0 6. Nbd2 c5 7. e4 Nc6 8. Re1 Qc7 9. c3 b6 10. Qe2 Ba6 11. e5 Nd7 12. Nf1 Rfe8 13. Bf4 Nf8 14. h4 Ng6 15. Bd2 f6 16. exf6 Bxf6 17. h5 Nf8 18. Bf4 e5 19. Nxe5 Bxe5 20. Bxd5+ Kh8 21. Bxc6 Qxc6 22. Bxe5 Bb7 23. f4 Qh1+ 24. Kf2 Nd7 25. d4 cxd4 26. cxd4 Nxe5 27. dxe5 Rxe5 28. fxe5 Qg2+ 29. Ke3 Qe4+ 30. Kd2 Rd8+ 31. Kc1 Rc8+ 32. Kd1 Qa4+ 33. b3 Qd4+ 34. Qd2 Bf3+ 0-1